Chinese views of childhood (Record no. 15281)
[ view plain ]
| 000 -LEADER | |
|---|---|
| fixed length control field | 01267nam a2200325 a 4500 |
| 082 04 - DEWEY DECIMAL CLASSIFICATION NUMBER | |
| Classification number | 305.23/0951 |
| 245 00 - TITLE STATEMENT | |
| Title | Chinese views of childhood |
| 260 ## - PUBLICATION, DISTRIBUTION, ETC. (IMPRINT) | |
| Place of publication | Honolulu : |
| Name of publisher | University of Hawaii Press, |
| Year of publication | c1995. |
| 300 ## - PHYSICAL DESCRIPTION | |
| Number of Pages | xiii, 352 p. : |
| Other physical details | ill. |
| 650 #0 - SUBJECT ADDED ENTRY--TOPICAL TERM | |
| Topical Term | Children |
| Topical Term | Youth |
| Topical Term | Children |
| Topical Term | Youth |
| 700 1# - ADDED ENTRY--PERSONAL NAME | |
| Personal name | Kinney, Anne Behnke. |
| 856 40 - ELECTRONIC LOCATION AND ACCESS | |
| Uniform Resource Identifier | http://site.ebrary.com/lib/rucke/Doc?id=5003772 |
No items available.
